Ústavné zvyklosti a moc prezidenta v SR
Podobnosť ústavnej zvyklosti na medzinárodnú obyčaj. Ako možno overiť, či tu je ústavná zvyklosť. Otázka vyslovenia nedôvery vláde zo strany prezidenta. Vhodnosť britskej koncepcie ústavnej zvyklosti pre slovenský ústavný poriadok.
Gespeichert in:
| 1. Verfasser: | |
|---|---|
| Format: | Buchkapitel |
| Sprache: | Slowakisch |
| Schlagworte: | |
| Tags: |
Keine Tags, Fügen Sie das erste Tag hinzu!
|
MARC
| LEADER | 00000naa a2200000 4500 | ||
|---|---|---|---|
| 001 | 0249920 | ||
| 005 | 20190108132631.3 | ||
| 041 | 0 | |a slo | |
| 044 | |a SK | ||
| 245 | 1 | 0 | |a Ústavné zvyklosti a moc prezidenta v SR |c Marek Káčer |
| 520 | |a Podobnosť ústavnej zvyklosti na medzinárodnú obyčaj. Ako možno overiť, či tu je ústavná zvyklosť. Otázka vyslovenia nedôvery vláde zo strany prezidenta. Vhodnosť britskej koncepcie ústavnej zvyklosti pre slovenský ústavný poriadok. | ||
| 610 | 2 | 0 | |a prezidenti |
| 610 | 2 | 0 | |a ústava |
| 610 | 2 | 0 | |a zákony |
| 610 | 2 | 0 | |a vláda |
| 610 | 2 | 0 | |a legislatíva |
| 100 | 1 | |a Káčer, Marek | |